000
00305nam a2200133Ia 4500
005
20251222140052.0
008
251222s1900||||xx |||||||||||||| ||spa||
020
_a
8433914456
082
_a
170/S27
100
_a
Savater, Fernando
245
0
_a
Invitación a la Ética
264
_b
Anagrama
942
_c
LIB
999
_c
3646
_d
3646